| 000 | 00446cam a2200169ua 4500 | ||
|---|---|---|---|
| 020 | _cRs.10.00 | ||
| 041 |
_aeng _h |
||
| 082 |
_a331.125 _bBHA/EM |
||
| 100 | _aBhatt, V.V. | ||
| 245 |
_aEmployment and capital formation in undeveloped countries / _cV.V.Bhatt. _hTextual Documents |
||
| 260 |
_aBombay : _bOrient-Longman Ltd , _c1960. |
||
| 300 | _a127 ; . | ||
| 365 | _aRs.10.00 | ||
| 504 | _a | ||
| 942 | _cBK | ||
| 999 |
_c1326 _d1326 |
||